Earth: (Record no. 196220)

MARC details
000 -LEADER
fixed length control field 00426nam a22001457a 4500
005 - DATE AND TIME OF LATEST TRANSACTION
control field 20230607112334.0
010 ## - LCCN (DPL NO)
LC control number CHEN 25.5.23
020 ## - INTERNATIONAL STANDARD BOOK NUMBER
International Standard Book Number 9788131942062
Terms of availability 450.00
037 ## - SOURCE OF ACQUISITION
Source of stock number/acquisition B.Jain Publishers (P) Ltd.
245 ## - TITLE STATEMENT
Title Earth:
Remainder of title 500 Facts /
260 ## - PUBLICATION, DISTRIBUTION, ETC. (IMPRINT)
Place of publication, distribution, etc Noida, U.P.
Name of publisher, distributor, etc B.Jain Publishers (P) Ltd.
Date of publication, distribution, etc 202?
270 ## - ADDRESS
Address D-157, Sector 63, Noida
City Noida, U.P.
Postal code 201307
300 ## - PHYSICAL DESCRIPTION
Extent 192p.
Other physical details col.ill
Dimensions 24cm(Hb)
942 ## - ADDED ENTRY ELEMENTS (KOHA)
Source of classification or shelving scheme Dewey Decimal Classification
Item type Children Books
Call number suffix EAR

No items available.


© Delhi Public Library
Hit Counter
free hit counter